Knowledge and skills of B.Com graduates of the faculty of commerce and management, University of Dar es Salaam in the job market (Record no. 48665)
[ view plain ]
| 000 -LEADER | |
|---|---|
| fixed length control field | 00988nam a2200229 a 4500 |
| 008 - FIXED-LENGTH DATA ELEMENTS--GENERAL INFORMATION | |
| fixed length control field | 090930s2001 ||||||||||||||||| || u |
| 050 ## - LIBRARY OF CONGRESS CALL NUMBER | |
| Classification number | AAU(08)RP/8 |
| 100 ## - MAIN ENTRY--PERSONAL NAME | |
| Personal name | Kaijage, Erasmus S |
| 245 10 - TITLE STATEMENT | |
| Title | Knowledge and skills of B.Com graduates of the faculty of commerce and management, University of Dar es Salaam in the job market |
| Statement of responsibility, etc. | by the Association of African Universities [AAU] |
| 260 ## - PUBLICATION, DISTRIBUTION, ETC. | |
| Place of publication, distribution, etc. | Accra: |
| Name of publisher, distributor, etc. | AAU |
| Date of publication, distribution, etc. | 2001 |
| 300 ## - PHYSICAL DESCRIPTION | |
| Extent | 27p.: ill. |
| 350 ## - PRICE (NR) (BK AM CF MU VM SE) [OBSOLETE] | |
| Price | 0.00 |
| 362 1# - DATES OF PUBLICATION AND/OR SEQUENTIAL DESIGNATION | |
| Dates of publication and/or sequential designation | <p>2001</p> |
| 490 ## - SERIES STATEMENT | |
| Series statement | AAU Research paper |
| 490 ## - SERIES STATEMENT | |
| Volume/sequential designation | No. 8 |
| 650 ## - SUBJECT ADDED ENTRY--TOPICAL TERM | |
| Topical term or geographic name entry element | COMMERCE--STUDY AND TEACHING (HIGHER)--TANZANIA |
| 650 ## - SUBJECT ADDED ENTRY--TOPICAL TERM | |
| Topical term or geographic name entry element | MANAGEMENT INFORMATION SYSTEMS |
| 650 ## - SUBJECT ADDED ENTRY--TOPICAL TERM | |
| Topical term or geographic name entry element | MANAGEMENT--STUDY AND TEACHING (HIGHER)--TANZANIA |
| 650 ## - SUBJECT ADDED ENTRY--TOPICAL TERM | |
| Topical term or geographic name entry element | ECONOMICS--STUDY AND TEACHING (HIGHER)--TANZANIA |
| 710 ## - ADDED ENTRY--CORPORATE NAME | |
| Corporate name or jurisdiction name as entry element | Association of African Universities |
| 995 ## - RECOMMENDATION 995 [LOCAL, UNIMARC FRANCE] | |
| -- | 0.00 |
| -- | CBU-MAIN LIBRARY (Kitwe) |
| -- | 1 |
| -- | 0.00 |
| -- | 1 |
| -- | AVAILABLE |
| -- | Sep 30, 2009 |
| -- | University Collection |
| Withdrawn status | Lost status | Source of classification or shelving scheme | Damaged status | Not for loan | Home library | Current library | Shelving location | Date acquired | Total Checkouts | Full call number | Barcode | Date last seen | Price effective from | Koha item type |
|---|---|---|---|---|---|---|---|---|---|---|---|---|---|---|
| CBU-MAIN LIBRARY, KITWE. | CBU-MAIN LIBRARY, KITWE. | 11/30/2022 | AAU(08)RP/8 | 03004551 | 11/30/2022 | 11/30/2022 | MONOGRAPH |